Report of the Committee of the Whole on the Proposed Formula for the Disbursement of the National Health Insurance Fund (NHIF) for 2024 (Record no. 4269)

MARC details
000 -LEADER
fixed length control field 00652nam a22001817a 4500
003 - CONTROL NUMBER IDENTIFIER
control field OSt
005 - DATE AND TIME OF LATEST TRANSACTION
control field 20240729185216.0
008 - FIXED-LENGTH DATA ELEMENTS--GENERAL INFORMATION
fixed length control field 240729b |||||||| |||| 00| 0 eng d
041 ## - LANGUAGE CODE
Language code of text/sound track or separate title English
082 ## - DEWEY DECIMAL CLASSIFICATION NUMBER
Classification number Class No. CR/NHIF/24 Acc No. 9331
110 ## - MAIN ENTRY--CORPORATE NAME
Corporate name or jurisdiction name as entry element Committee on the Whole
245 ## - TITLE STATEMENT
Title Report of the Committee of the Whole on the Proposed Formula for the Disbursement of the National Health Insurance Fund (NHIF) for 2024
260 ## - PUBLICATION, DISTRIBUTION, ETC.
Place of publication, distribution, etc. Accra:
Name of publisher, distributor, etc. Office of Parliament,
Date of publication, distribution, etc. 2024.
300 ## - PHYSICAL DESCRIPTION
Extent 20p.; tabs
500 ## - GENERAL NOTE
General note includes appendix
653 ## - INDEX TERM--UNCONTROLLED
Uncontrolled term 1. National Health Insurance Fund (NHIF), 2024 2. Committee of the Whole
942 ## - ADDED ENTRY ELEMENTS (KOHA)
Source of classification or shelving scheme Dewey Decimal Classification
Koha item type Committee Reports
Suppress in OPAC No
Holdings
Withdrawn status Lost status Source of classification or shelving scheme Damaged status Not for loan Home library Current library Shelving location Date acquired Total checkouts Full call number Date last seen Copy number Price effective from Koha item type
    Dewey Decimal Classification     Main Library Main Library Open Shelves 30/12/2024   CR/NHIF/24 Acc No. 9331 30/12/2024 1 30/12/2024 Committee Reports
©2026  Parliament of Ghana Library - All rights reserved